• 首页
  • 本馆介绍
  • 公告通知
  • 最新文献
  • 馆藏检索
  • 电子资源
  • 读者导购
  • 参考咨询
  • 我的图书馆
  • 登录
  • 详细信息显示
  • 放入我的书架
  • 预约/预借图书
  • 作者相关作品
  • 分类相关作品
  • 丛书相关作品
  • 出版社相关作品

书目信息

  • 表格格式
  • 工作单格式
  • 卡片格式
题名:
神奇的巧合
    
 
作者: 美狄亚 编著
分册:  
出版信息: 北京   台海出版社  2011
页数: 10,244页
开本: 24cm
丛书名:
单 册:
中图分类: Z228
科图分类:
主题词: 科学知识--普及读物 , 科学知识
电子资源:
ISBN: 978-7-80141-775-6
000 00961nam0 2200253 45
001 1256854156
005 20120627084434.59
010    @a978-7-80141-775-6@dCNY29.80
100    @a20120626d2011 em y0chiy50 ea
101 0  @achi
102    @aCN@b110000
105    @aa z 000yy
106    @ar
200 1  @a神奇的巧合@AShen Qi De Qiao He@e匪夷所思的预言与可怕的巧合@EFei Yi Suo Si De Yu Yan Yu Ke Pa De Qiao He@f美狄亚编著@FMei Di Ya Bian Zhu
210    @a北京@c台海出版社@d2011
215    @a10,244页@c图@d24cm
330    @a本书主要内容包括:外星人就在月球背后?!上帝对每个物种都是公平的;北纬30度风云再起;梦,到底在对你说什么?财,天上掉下来的馅饼等。
517 1  @a匪夷所思的预言与可怕的巧合@AFei Yi Suo Si De Yu Yan Yu Ke Pa De Qiao He
606 0  @a科学知识@j普及读物
606 0  @a科学知识
690    @aZ228@v4
701  0 @a美狄亚@AMei Di Ya@4编著
801  0 @aCN@b大连网信软件有限公司图书馆·11@c20120627
905    @b0819691-94@dH319.4@e1748@f4
    
    神奇的巧合:匪夷所思的预言与可怕的巧合/美狄亚编著.-北京:台海出版社,2011
    10,244页:图;24cm
    
    
    ISBN 978-7-80141-775-6:CNY29.80
    本书主要内容包括:外星人就在月球背后?!上帝对每个物种都是公平的;北纬30度风云再起;梦,到底在对你说什么?财,天上掉下来的馅饼等。
●
相关链接 在E读中查询图书 在五车中查询图书 在当当中查询图书 在豆瓣中查询图书


正题名:神奇的巧合     索取号:H319.4/1748         预约/预借

序号 登录号 条形码 馆藏地/架位号 状态 备注
1 0819691   208196913   第二样本阅览室/ [索取号:H319.4/1748] 在馆    
2 0819692   208196922   第四借阅区/ [索取号:H319.4/1748] 在馆    
3 0819693   208196931   第四借阅区/ [索取号:H319.4/1748] 在馆    
4 0819694   208196940   第四借阅区/ [索取号:H319.4/1748] 在馆    
唐山师范学院图书馆 欢迎您!
大连网信软件有限公司© 版权所有